| 000 | 01154nam a2200229Ia 4500 | ||
|---|---|---|---|
| 001 | L235-10000 | ||
| 003 | IT-CnALBA | ||
| 008 | 170116s9999||||xx |||||||||||||| ||und|| | ||
| 040 |
_aIT-CnALBA _cIT-CnALBA |
||
| 041 | _aITALIANO | ||
| 100 | _aCUTTAZ FRANCOIS, MONS. | ||
| 245 | 0 | _aCOME LEI. (MARIA). | |
| 250 | _a1a ed. | ||
| 260 |
_aCINISELLO BALSAMO (MI) _bEDIZIONI PAOLINE _c1962 [1° Ed.:1962] |
||
| 300 | _a244 p. (prefazione: 7) | ||
| 500 | _aTRADUZIONE DAL FRANCESE DI AMADEI C. VERGINE CREDENTE. FIDENTE. AMANTISSIMA. PER LA GLORIA DI DIO. UMILISSIMA. PER LA CHIESA NASCENTE. SOTTOMESSA. OBBEDIENTE. SANTA. ORANTE. FEDELE. MARIA E L'EUCARESTIA. DONNA FORTE. LITANIE LAURETANE. | ||
| 501 | _aSocietà San Paolo EM - Piazza San Paolo, 14 - 12051 ALBA (CN) (non commercial uses only) ® Copyright 2017 | ||
| 520 | _aTRADUZIONE DAL FRANCESE DI AMADEI C. VERGINE CREDENTE. FIDENTE. AMANTISSIMA. PER LA GLORIA DI DIO. UMILISSIMA. PER LA CHIESA NASCENTE. SOTTOMESSA. OBBEDIENTE. SANTA. ORANTE. FEDELE. MARIA E L'EUCARESTIA. DONNA FORTE. LITANIE LAURETANE. | ||
| 650 | _aMARIA SS. ANGELI SANTI DEMONI | ||
| 942 | _cBK | ||
| 957 | _71 | ||
| 999 |
_a14753 _bNO _g Copie: 1 _c269178 _d269178 |
||